Countries by Largest Solar Park - Statistics

General Stats
  • This quiz has been taken 25 times
  • The average score is 7 of 10
Answer Stats
Solar Park Capacity (megawatts) Country % Correct
Huanghe Hydropower Hainan Solar Park 2,200 China
100%
Copper Mountain Solar Facility 802 United States
100%
Villanueva Solar Park 828 Mexico
94%
Pirapora Solar Project 400 Brazil
89%
Bhadla Solar Park 2,245 India
89%
Mula Photovoltaic Power Plant 494 Spain
72%
Noor Abu Dhabi 1,177 United Arab Emirates
67%
Benban Solar Park 1,650 Egypt
56%
Shagaya Renewable Energy Park 350 Kuwait
56%
Loc Ninh Solar Park 350 Vietnam
6%
No matching quizzes found
Score Distribution
Percent of People with Each Score
Percentile by Number Answered
Your Score History
You have not taken this quiz